000 00708nas a2200241 4500
001 BR9208447
003 BR-BrBNA
005 20231205093115.0
007 ta
008 230509b bl.|||p| |||| 00| 00por d
040 _aBR-BrBNA
_bpor
_cBiblioteca Nacional de Agricultura
041 _a(En)
072 _aL40
100 1 _aMill, J.G.
100 1 _aVassallo, D.V.
245 1 _aEvaluation of the functional performance of mammallian isolated atria
650 _aCOELHO
650 _aMUSCULO
650 _aANATOMIA ANIMAL
773 0 _tActa Biologica Paranaense (Brazil)
_xISSN 0301-2123
_g(1978), v. 7(1-4) p. 129-133
_wBR9208447
909 _a202311
_bLúcia
_c55
_dLúcia Elande
942 _2AGRIS
_n0
_cANA
999 _c136267
_d136267